Liberalizmus ako výzva a riziko pre Európsku úniu diplomová práca

Salvato in:
Dettagli Bibliografici
Autore principale: Kogler, Miloslav
Ente Autore: Fakulta medzinárodných vzťahov EU. Katedra medzinárodných politických vzťahov
Altri autori: Barát, Peter
Natura: Libro
Lingua:slovacco
Pubblicazione: Bratislava 2009
Tags: Aggiungi Tag
Nessun Tag, puoi essere il primo ad aggiungerne!!

MARC

LEADER 00000nam$a2200000$$$4500
001 0097166
005 20240318140639.0
041 0 |a slo 
044 |a SK 
245 1 0 |a Liberalizmus ako výzva a riziko pre Európsku úniu  |b diplomová práca  |c Miloslav Kogler ; škol. Peter Barát 
264 1 |a Bratislava  |c 2009 
300 |a 66 s. 
100 1 |a Kogler, Miloslav 
700 1 |a Barát, Peter 
710 2 |a Fakulta medzinárodných vzťahov EU. Katedra medzinárodných politických vzťahov